| 000 | 00438 a2200157 4500 | ||
|---|---|---|---|
| 003 | OSt | ||
| 005 | 20240116141209.0 | ||
| 008 | 240116b |||||||| |||| 00| 0 eng d | ||
| 040 | _coclc | ||
| 082 |
_a297 _bABD/A |
||
| 100 |
_aAbdulla, P _910267 |
||
| 245 |
_aAllahu: aradhana bahudaivaradhana / _cProf. P Abdullah |
||
| 260 |
_aKerala: _bKNM, _c2014. |
||
| 300 | _a224p | ||
| 942 |
_2ddc _cBK _h297 _iABD/A _k297 _mABD/A |
||
| 999 |
_c43204 _d43204 |
||